00509 2200205 4500001002100000005001500021035002000036007000300056008004100059020002300100082000800123084001400131100001400145245003700159250001100196260002900207300003300236650001000269700002400279INLIS00000000000060220210405081130 a0010-0421000055ta210405 g f ind  a978-979-179990-7-2 a813 a813 ZUK g0 aZukril Yu1 aGalau Pasti Berlalu /cZukril Yu aCet. 1 aTangerang :bBoom,c2015 aviii + 162 hlm ;c13 x 19 cm aNovel0 aLiana Threestayanti